Architektonické a urbanistické aspekty riešenia veľkokapacitných fariem s ohľadom na tvorbu životného prostredia : Kandidátska dizertačná práca /

Salvato in:
Dettagli Bibliografici
Autore principale: Šutovský, Rudolf, 1943- (Autore)
Altri autori: Bóna, Ján (Relatore della tesi), Rokošný, Anton (Relatore della tesi)
Natura: Manoscritto Libro
Lingua:slovacco
Pubblicazione: Bratislava : Slovenská vysoká škola technická v Bratislave, Fakulta architektúry, január 1981
Soggetti:
Tags: Aggiungi Tag
Nessun Tag, puoi essere il primo ad aggiungerne!!

MARC

LEADER 00000ntm a22000003a 4500
001 0113200
003 SK-STU
005 20241217155348.5
007 ta
008 241217s2024----xo-----f-mn---000-0-slo-d
040 |a STU  |b slo 
041 0 |a slo 
044 |a xo  |c SK 
100 1 |a Šutovský, Rudolf,  |d 1943-  |4 aut  |X 458  |7 A000000458 
245 1 0 |a Architektonické a urbanistické aspekty riešenia veľkokapacitných fariem s ohľadom na tvorbu životného prostredia :  |b Kandidátska dizertačná práca /  |c aut. Rudolf Šutovský ; škol. Ján Bóna, Anton Rokošný 
260 |a Bratislava :  |b Slovenská vysoká škola technická v Bratislave, Fakulta architektúry,  |c január 1981 
300 |a 174 s. 
650 0 7 |a poľnohospodárske stavby 
650 0 7 |a inžinierske stavby 
650 0 7 |a farmy na Slovensku 
650 0 7 |a Česko 
650 0 7 |a dispozícia 
650 0 7 |a konštrukčné riešenia 
700 1 |a Bóna, Ján  |4 ths 
700 1 |a Rokošný, Anton  |4 ths 
996 |b 284AU10185  |c A* 200/V  |l AAKNST  |s P  |a 0  |w 0113200_0001